<?xml version="1.0" encoding="UTF-8"?>
<record
    xmlns:xsi="http://www.w3.org/2001/XMLSchema-instance"
    xsi:schemaLocation="http://www.loc.gov/MARC21/slim http://www.loc.gov/standards/marcxml/schema/MARC21slim.xsd"
    xmlns="http://www.loc.gov/MARC21/slim">

  <leader>01307nam a2200289 a 4500</leader>
  <controlfield tag="001">000087292</controlfield>
  <controlfield tag="005">20200120224942.0</controlfield>
  <controlfield tag="008">190816s2017    ck a   dr|    |0| | spa d</controlfield>
  <datafield tag="020" ind1=" " ind2=" ">
    <subfield code="a">9789587850321</subfield>
  </datafield>
  <datafield tag="041" ind1=" " ind2=" ">
    <subfield code="a">sai</subfield>
    <subfield code="h">spa</subfield>
  </datafield>
  <datafield tag="043" ind1=" " ind2=" ">
    <subfield code="a">s-ck---</subfield>
  </datafield>
  <datafield tag="090" ind1=" " ind2=" ">
    <subfield code="a">JC</subfield>
    <subfield code="b">NIWU</subfield>
  </datafield>
  <datafield tag="245" ind1="1" ind2="0">
    <subfield code="a">Niwi &#xFA;muke pari ayunnuga :</subfield>
    <subfield code="b">Contando desde la sierra : los ni&#xF1;os arhuacos de Jewrwa cuentan para los ni&#xF1;os de Colombia /</subfield>
    <subfield code="c">ilustraciones, alumnos del Centro Educativo Rural Ind&#xED;gena Seykutun de Jewrwa ; traducci&#xF3;n, docentes del Centro Educativo Rural Ind&#xED;gena Seykutun de Jewrwa.</subfield>
  </datafield>
  <datafield tag="246" ind1="2" ind2=" ">
    <subfield code="a">Contando desde la sierra.</subfield>
  </datafield>
  <datafield tag="250" ind1=" " ind2=" ">
    <subfield code="a">Edici&#xF3;n Alberto Ram&#xED;rez Santos.</subfield>
  </datafield>
  <datafield tag="260" ind1=" " ind2=" ">
    <subfield code="a">Bogot&#xE1; :</subfield>
    <subfield code="b">Mineducaci&#xF3;n :</subfield>
    <subfield code="b">Mincultura,.</subfield>
  </datafield>
  <datafield tag="300" ind1=" " ind2=" ">
    <subfield code="a">73 p&#xE1;ginas. :</subfield>
    <subfield code="b">ilusraciones en color.</subfield>
  </datafield>
  <datafield tag="490" ind1=" " ind2="0">
    <subfield code="a">R&#xED;o de letras. Territorios narrados PNLE "Leer es mi cuento" ;</subfield>
    <subfield code="v">7</subfield>
  </datafield>
  <datafield tag="490" ind1="0" ind2=" ">
    <subfield code="a">Leer es mi cuento. Plan Nacional de Lectura y Escritura</subfield>
  </datafield>
  <datafield tag="546" ind1=" " ind2=" ">
    <subfield code="a">Texto en ikun (lengua ind&#xED;gena) y espa&#xF1;ol</subfield>
  </datafield>
  <datafield tag="650" ind1="1" ind2="4">
    <subfield code="a">Literatura ind&#xED;gena colombiana</subfield>
  </datafield>
  <datafield tag="650" ind1="2" ind2="4">
    <subfield code="a">Leyendas ind&#xED;genas colombianas</subfield>
  </datafield>
  <datafield tag="650" ind1="2" ind2="4">
    <subfield code="a">Cuentos ind&#xED;genas colombianos</subfield>
  </datafield>
  <datafield tag="650" ind1="2" ind2="4">
    <subfield code="a">Arhuacos</subfield>
    <subfield code="x">Vida social y costumbres</subfield>
    <subfield code="v">Literatura juvenil</subfield>
  </datafield>
  <datafield tag="650" ind1="2" ind2="4">
    <subfield code="a">Animales en la literatura</subfield>
  </datafield>
  <datafield tag="710" ind1="1" ind2=" ">
    <subfield code="a">Centro Educativo Rural Ind&#xED;gena Seykutun de Jewrwa</subfield>
  </datafield>
  <datafield tag="999" ind1=" " ind2=" ">
    <subfield code="c">11874</subfield>
    <subfield code="d">11874</subfield>
  </datafield>
  <datafield tag="952" ind1=" " ind2=" ">
    <subfield code="0">0</subfield>
    <subfield code="1">0</subfield>
    <subfield code="2">ddc</subfield>
    <subfield code="4">0</subfield>
    <subfield code="7">0</subfield>
    <subfield code="8">LJ</subfield>
    <subfield code="a">BPMOS</subfield>
    <subfield code="b">BPMOS</subfield>
    <subfield code="d">2020-01-20</subfield>
    <subfield code="i">NT</subfield>
    <subfield code="l">1</subfield>
    <subfield code="o">JC NIWU</subfield>
    <subfield code="p">MOS019792</subfield>
    <subfield code="r">2021-09-09</subfield>
    <subfield code="s">2021-08-31</subfield>
    <subfield code="t">ej.1</subfield>
    <subfield code="w">2020-01-20</subfield>
    <subfield code="y">BKLIT</subfield>
    <subfield code="z">Quince d&#xED;as</subfield>
  </datafield>
</record>
